000 00577nam a22001937a 4500
999 _c62540
_d62540
005 20241203114016.0
008 241203s2018 enk||||| |||| 00| 0 eng d
020 _a9781501144325x
041 _aeng
080 _a159.963 W-11
100 _a Walker, Matthew
_923847
245 _aWhy We Sleep:
_bUnlocking the Power of Sleep and Dreams /
_cMatthew Walker.
264 _aNew York :
_bScribner,
_c2018.
300 _a360 p.;
_b22 cm.
653 _aძილი
653 _aსიზმარი
653 _aფსიქოლოგია
942 _2udc
_cᲬᲘᲒᲜᲘ